Kursus Kemahiran Komunikasi 28 Feb-3 Mac 2005 [ Kumpulan 2

Bibliographic Details
Format: Book
Published: Bangi : Inspen , 2005
Subjects:

MARC

LEADER 00000cam a2200000 7i4500
001 0000017965
005 20061204.0
040 |a INS 
090 0 0 |a HF5718 2005 
245 0 0 |a Kursus Kemahiran Komunikasi 28 Feb-3 Mac 2005 [  |h electronic resource] :   |b Kumpulan 2 
260 |a Bangi :   |b Inspen ,   |c 2005 
300 |a 1video disc (VCD) :   |b sd.,col. ;   |c 12 cm. 
650 0 0 |a Business communication 
650 0 0 |a Public speaking 
999 |a VCD0000095   |b DIGITAL VIDEO CD   |c Media Collection   |e Default branch